Economics of Water Resources : institutions, instrunents and policies for managing scarcity (Record no. 295)
[ view plain ]
| 000 -LEADER | |
|---|---|
| fixed length control field | 00398 a2200109 4500 |
| 020 ## - INTERNATIONAL STANDARD BOOK NUMBER | |
| International Standard Book Number | 0754623505 |
| 082 ## - DEWEY DECIMAL CLASSIFICATION NUMBER | |
| Classification number | 333.91 EAS |
| 100 ## - MAIN ENTRY--PERSONAL NAME | |
| Personal name | Easter K. William |
| 245 ## - TITLE STATEMENT | |
| Title | Economics of Water Resources : institutions, instrunents and policies for managing scarcity |
| Statement of responsibility, etc. | K. William Easter |
| 260 ## - PUBLICATION, DISTRIBUTION, ETC. | |
| Place of publication, distribution, etc. | England : |
| Name of publisher, distributor, etc. | Asghate Publishing Company, |
| Date of publication, distribution, etc. | 2004 |
| 300 ## - PHYSICAL DESCRIPTION | |
| Extent | xxxii, 515p. : |
| Other physical details | ill ., ; |
| Dimensions | 24 cm |
| 650 ## - SUBJECT ADDED ENTRY--TOPICAL TERM | |
| Topical term or geographic name entry element | Water Supply -- Economic Aspect |
| Withdrawn status | Lost status | Source of classification or shelving scheme | Damaged status | Not for loan | Permanent Location | Current Location | Total Checkouts | Full call number | Barcode | Date last seen | Price effective from | Koha item type | Date acquired | Date last checked out |
|---|---|---|---|---|---|---|---|---|---|---|---|---|---|---|
| School of Civil and Environmental Engineering (SCEE) | Central Library (CL) | 333.91 EAS | NIT-974 | 01/05/2017 | 01/05/2017 | Book | ||||||||
| School of Civil and Environmental Engineering (SCEE) | School of Civil and Environmental Engineering (SCEE) | 2 | 333.91 EAS | NIT-4011 | 03/24/2021 | 01/05/2017 | Book | 11/19/2020 | 11/19/2020 |
